000 01034nmc a2200337 a 4500
003 AR-X00000XY
005 20251128211854.0
008 216120s2006 ||||||||||||||000 | spa||
040 _cAR-X00000XY
245 1 0 _aJuegos y juguetes; Narración y biblioteca
_n1
260 _aBuenos Aires
_bMECyT
_c2006
300 0 _a168 p.
490 0 _aNúcleos de aprendizajes prioritarios. Cuadernos para el aula
504 _aContiene referencias bibliográficas
521 _aINICIAL
650 4 _aGUIA DEL DOCENTE
650 4 _aDESARROLLO DEL CURRICULO
650 4 _aBIBLIOTECAS INFANTILES
650 4 _aNARRACION DE CUENTOS
650 4 _aJUGUETES EDUCATIVOS
650 4 _aJUEGOS EDUCATIVOS
651 4 _aArgentina
653 0 _aNIVEL INICIAL
653 0 _aCONTENIDOS CURRICULARES
653 0 _aESTRATEGIAS DIDACTICAS
653 0 _aEDUCACION INICIAL
710 1 _aArgentina
_bMinisterio de Educación
_bConsejo Federal de Cultura y Educación
740 0 _aNarración y biblioteca
942 _cBK
998 _cNancy
999 _c21433
_d21433